10 Największych i 10 Najmniejszych Państw na Świecie - Statystyki

Ogólne statystyki
  • Ten quiz został rozwiązany 674 razy
  • Średni wynik to 30 z 40
Statystyki odpowiedzi
Kraje % Poprawnych
Rosja
99%
Rosja
99%
Chiny
98%
Chiny
98%
Stany Zjednoczone
97%
Stany Zjednoczone
97%
Brazylia
96%
Brazylia
96%
Kanada
96%
Watykan
96%
Watykan
96%
Indie
93%
Indie
93%
Australia
86%
San Marino
86%
San Marino
86%
Monako
85%
Monako
85%
Argentyna
84%
Kazachstan
81%
Liechtenstein
80%
Liechtenstein
80%
Meksyk
73%
Algieria
69%
Indonezja
68%
Nigeria
63%
Malta
58%
Nauru
57%
Nauru
57%
Tuvalu
54%
Tuvalu
54%
Pakistan
53%
Bangladesz
52%
Palau
50%
Wyspy Marshalla
46%
Wyspy Marshalla
46%
Saint Kitts i Nevis
43%
Saint Kitts i Nevis
43%
Malediwy
35%
Dominika
29%
Nie znaleziono quizów pasujących do podanych kryteriów
Rozkład punktacji
Procent ludzi z każdym wynikiem
Percentyl według liczby udzielonych odpowiedzi
Twoja historia wyników
Nie rozwiązałeś tego quizu